Minas de Almaden.

Bibliographic Details
Corporate Author: International Geological Congress Madrid
Format: Conference Proceeding Book
Language:Spanish
Published: Madrid : Imp. de V. Rico, 1926.
Subjects:

MARC

Tag First Indicator Second Indicator Subfields
LEADER 00000cam a2200000 4500
001 in00000094252
005 20150927110419.0
008 800405s1926 sp abe 10000 spa d
010 |a  26000341  
035 |a (OCoLC)06170092 
035 |9 AAL6111AM 
040 |a TXA  |c TXA  |d UtOrBLW 
049 |a TXAM  |c [1025992] 
090 |a TN87  |b .I5 
111 2 |a International Geological Congress  |n (14th :  |d 1926 :  |c Madrid) 
245 1 0 |a Minas de Almaden. 
264 1 |a Madrid :  |b Imp. de V. Rico,  |c 1926. 
300 |a 102 pages :  |b (part folded, including maps, plans, diagrams) 
336 |a text  |b txt  |2 rdacontent 
337 |a unmediated  |b n  |2 rdamedia 
338 |a volume  |b nc  |2 rdacarrier 
500 |a At head of title: Excursion B-1. XIV Congreso geologico internacional, Madrid, 1926. 
650 0 |a Mines and mineral resources  |z Spain  |z Almadén. 
999 |a MARS 
999 f f |s 5bb4f551-6b11-3f0f-b20b-014fdf13a441  |i d165e29b-eee4-395c-b10a-2a95c968dbb7  |t 0 
952 f f |p ric  |a Texas A&M University  |b Rellis Campus  |c Joint Library Facility  |d Remote Storage  |t 0  |e TN87 .I5  |h Library of Congress classification  |i unmediated -- volume  |m A14805569153 
998 f f |a TN87 .I5  |t 0  |l Remote Storage